000
00256nam a2200097Ia 4500
001
644879
005
20250826153613.0
008
250824s9999 xx 000 0 und d
245
0
_a
Doğanın Bir yılı OCAK
_c
RUTH SYMONS
260
_b
TÜBİTAK POPÜLER BİLİM
999
_c
644879
_d
644879